Normal view
MARC view
Entry Personal Name
001 - CONTROL NUMBER
- control field: 8438
003 - CONTROL NUMBER IDENTIFIER
- control field: OSt
005 - DATE AND TIME OF LATEST TRANSACTION
- control field: 20211028145643.0
008 - FIXED-LENGTH DATA ELEMENTS
- fixed length control field: 211028|| aca||aabn | a|a d
040 ## - CATALOGING SOURCE
- Original cataloging agency: OSt
- Transcribing agency: OSt
100 ## - HEADING--PERSONAL NAME
- Personal name: Nikshape;Santhosh, B.
- Miscellaneous information: 111917
670 ## - SOURCE DATA FOUND
- Source citation: Work cat.: (OSt): Nikshape;Santhosh, B. 111917, CubsBrain.in: a social networking site for kids., 2013